000 00483nam a2200169 a 4500
005 20140310183204.0
008 050705s19uu xx 00 eng d
050 _aPN 1590
_b.St849 1996
100 _aStewart, Joseph
245 _aThe entertainment encyclopedia /
_cJoseph Stewart.
260 _aSanta Monica, CA :
_bSanta Monica Press,
_c1996.
300 _a127 p. :
_c18 cm.
650 _aEntertainment
_xEncyclopedias.
942 _cBK
_2lcc
999 _c19946
_d19946